000 00439nam a2200181Ia 4500
001 23891
005 20260414151007.0
008 260414t2016||||xx |||||||||||||| ||spa||
041 _aESP
082 _a720.9
_bG24
100 _aGarcía Vintimilla, Teresa
_eAUT
245 0 _aBreve historia de la arquitectura
_b
260 _c2016
300 _a430 páginas :
_c19 cm.
650 _aABD
654 _aCAU
942 _cLIB
_dJUS
_fJUS
_2ddc
_n
999 _c23891
_d23891